| 000 | 00000nam##2200000za#4500 |
| 001 | 9.668469 |
| 003 | CaOODSP |
| 005 | 20210615124204 |
| 007 | ta |
| 008 | 150407|2007||||xxc||||| f|0| 0 eng|d |
| 020 | |a978-0-662-49896-4 |
| 040 | |aCaOODSP|beng |
| 041 | |aeng |
| 041 | |afre |
| 043 | |an-cn--- |
| 086 | 1 |aHR21-21/2007 |
| 110 | 2 |aCanadian Human Rights Commission. |
| 245 | 12|aA guide to screening and selection in employment |
| 260 | |aOttawa - Ontario : |bCanadian Human Rights Commission |c2007. |
| 300 | |aEnglish text, 10p. : |btables ; |c28 cm. |
| 520 | 3 |aThis guide is intended primarily to help employers when they interview and hire staff — whether they are choosing a new employee or promoting one from within the organization. |
| 563 | |aSoftcover |
| 590 | |a08-08|b2008-02-22 |
| 690 | 07|aStaffing|2gcpds |
| 690 | 07|aApplicants|2gcpds |
| 690 | 07|aLabour law|2gcpds |
| 776 | 0#|tGuide de présélection et de sélection des employés |w(CaOODSP)9.633823 |
| 776 | 0#|tA guide to screening and selection in employment |w(CaOODSP)9.689411 |
| 792 | |tGuide de présélection et de sélection des employés |efre|w(CaOODSP)9.668470 |